Φορτώνει......

Panchayat Level Statistics 2011 : Wayanad District

Λεπτομέρειες βιβλιογραφικής εγγραφής
Μορφή: Printed Book
Έκδοση: THIRUVANANTHAPURAM DEPARTMENT OF ECONOMICS & STATISTCS, GOVERNMENT OF KERALA 2013
Θέματα:
Διαθέσιμο Online:http://10.26.1.76/ks/005375.pdf
LEADER 00629nam a22001097a 4500
245 |a Panchayat Level Statistics 2011 : Wayanad District 
260 |a THIRUVANANTHAPURAM  |b DEPARTMENT OF ECONOMICS & STATISTCS, GOVERNMENT OF KERALA   |c 2013 
650 |a STATISTICAL REPORT; GOVERNMENT REPORT; POPULATION; AGRICULTURE; ANIMAL HUSBANDRY; FISHERIES; FOREST; POWER; WATER SUPPLY; EDUCATION; HEALTH; HOUSING; BANKING; CO-OPERATION; TRANSPORT; COMMUNICATION; PUBLIC DISTRIBUTION SYSTEM  |9 24607 
856 |u http://10.26.1.76/ks/005375.pdf 
942 |c KS 
999 |c 75909  |d 75909 
952 |0 0  |1 0  |4 0  |7 0  |9 67892  |a MGUL  |b MGUL  |d 2015-12-13  |l 0  |r 2015-12-13  |w 2015-12-13  |y KS